Mi Fausto: esbozos
Gardado en:
| Autor Principal: | |
|---|---|
| Formato: | Libro |
| Idioma: | Lingua castelá |
| Publicado: |
Buenos Aires
Losada S. A
1956
|
| Subjects: | |
| Tags: |
Engadir etiqueta
Sen Etiquetas, Sexa o primeiro en etiquetar este rexistro!
|
MARC
| LEADER | 00000cam a2200000 a 4500 | ||
|---|---|---|---|
| 001 | UCF8739 | ||
| 003 | CL-VaPUC | ||
| 008 | 131004e19560000ag |||||||||||||||||spa|d | ||
| 082 | 0 | 4 | |a 842 |b VAL |2 21 |
| 100 | 0 | |a Valery, Paul |e author |9 320134 | |
| 245 | 1 | 0 | |a Mi Fausto: esbozos |
| 300 | |a 203 p | ||
| 942 | |c BK | ||
| 945 | |d 20131004 22:02:00 |a dcastane | ||
| 260 | |a Buenos Aires |b Losada S. A |c 1956 | ||
| 650 | 7 | |a DRAMAS FRANCESES |2 CL-VaPUC |9 267189 | |
| 650 | 0 | |a Literatura francesa |9 266330 | |
| 583 | |a last modification |c 20131004 22:02:00 |k Rodrigo Vera | ||
| 999 | |c 353299 |d 353297 | ||
| 952 | |0 0 |1 0 |3 erb |4 0 |6 842_000000000000000_VAL_1956 |7 0 |8 A |9 458436 |a BIBART |b BIBART |d 2019-11-23 |i 5010705 |o 842 VAL 1956 |p 5010705 |r 2025-03-13 |w 2019-11-23 |y BK |z Catalogado en:20131004 |k ART | ||